Top 5 Songs On Relapse (Eminem) - Statistics

General Stats
  • This quiz has been taken 34 times
  • The average score is 4 of 5
Answer Stats
Hint Answer % Correct
285,833,051 Beautiful
96%
222,147,372 Crack A Bottle
85%
67,475,724 My Mom
81%
123,149,014 We Made You
81%
49,846,363 Must Be The Ganja
27%
No matching quizzes found
Score Distribution
Percent of People with Each Score
Percentile by Number Answered
Your Score History
You have not taken this quiz